000 01284nam a2200289Ia 4500
001 D4948
003 IT-RoPAU
008 130308s9999 xx 000 0 und d
040 _aIT-RoPAU
040 _cIT-RoPAU
041 _aINGLESE
100 _aKeane John
100 _gCodice Aut. SPICS: 38309
245 _aMedia and Democracy (The)
245 _bMedia And Democracy (The)
250 _a2a ed.
260 _aCAMBRIDGE
260 _bPolity Press
260 _c1993 [1° Ed.:1991 - Ed.Ling.Originale:1991]
300 _a"216 p. (prefazione: 14; testo: 202)"
500 _aMass Media e Democrazia. Libertà di Stampa. Filosofia della Libertà di Stampa. Dispotismo. Deregolamentazione. Insuccessi del Mercato. Rapporto Tramedia e Democrazia. Libertà di Stampa messa in Pericolo nel Secolo Xx Dalle nuove forme di censura Statale, Emergenza delle concentrazioni dei Mediae la Loro Crescita. nuove tecnologie Digitali, Trasmissioni via satellite e Telecomunicazioni Favoriscono la Libertà e L'Uguaglianza dei Cittadini? Servizio Pubblico dei Media. mercato e Società Civile. Democrazia: rischi e Inversioni. Problemi dell'Informazione.
650 _aTEORICHE DEI MASS MEDIA
650 _eCodice materia Spics: 6105
942 _cBK
957 _71
999 _c91809
_d91809
999 _g1